000 003010000a22001450004500
005 20120302054756.0
942 _cBOOK
245 _a Tripathgaa
260 _aLucknow:Suchanaa Vibhaga,1958.
300 _a168p.
040 _aHIN
650 _aSankirna
650 _aMaasike
650 _aTripathagaa
999 _c346567
_d346564